000 01327cam a22003617a 4500
003 CHAP
005 20220329142902.0
008 041213d2004 mx ab r 00110 spa d
010 _a89219
011 _a90191
035 _a100747
040 _cCHAP
090 _aTesis
100 0 0 _aTorres González, Claudia.
_9114116
245 1 0 _aProducción, rentabilidad y sostenibilidad del cártamo (Carthamus tinctorius L.) en el municipio de Jamay, Jalisco
_c/por Claudia Torres González
260 _aChapingo, Méx. :
_bEl autor,
_c2004.
300 _a83 h. :
_bilus. ; mapas ; anexo
502 _aTesis (Ing. Agr. Esp. en Fitotecnia) -- UACH. Departamento de Fitotecnia
590 _aALEPH
_b10
_c20130110
_lUCH01
_h1502
590 _aBATCH-UPD
_b10
_c20130110
_lUCH01
_h0618
590 _aBATCH-UPD
_b10
_c20130110
_lUCH01
_h2327
590 _aBATCH-UPD
_b10
_c20130410
_lUCH01
_h0300
590 _aBATCH-UPD
_b10
_c20130914
_lUCH01
_h0507
590 _aCONVERSION
_b10
_c20130109
_lUCH01
_h1349
650 1 4 _aAzafrancillo.
_99048
650 1 4 _aAzafrancillo
_xRendimiento.
_99075
650 1 4 _aAzafranzillo
_zJalisco.
_99086
901 _aBK
905 _aAlejandra Carrasco M.
942 _cFOLL
949 _aTesis
_bBC
_cTES
_d1007471
_eTS1
_h42729
_i100747
_sb
949 _aTesis
_bBC
_cTES
_d33724000944427
_eTS2
_fc.2
_h42730
_i100747
_sb
999 _c89219
_d89219